000 01222nam a2200229Ia 4500
999 _c40329
_d40329
001 6937
003 GE_BSU
005 20200206173044.0
008 181216s1476||||ge |||||||||||||| ||geo||
040 _cGE_BSU
041 _ageo
080 _a821.353.1-4+311.101.386.1(479.22) გ-94
100 _aგულუა, შ.
_96851
245 _aნოვატორი აახლოებს მომავალს :
_bნარკვევები რესპუბლიკის მოწინავე ადამიანებზე /
_cშ. გულუა ; რედ. ა. არობელიძე ; მხატვ. ზ. აფანასიევი.
264 _aთბილისი :
_bსაბჭ.საქართველო,
_c1976.
300 _a138 გვ. ;
_c20 სმ.
653 _aნარკვევები რესპუბლიკის მოწინავე ადამიანებზე
653 _aნოვატორი აახლოებს მომავალს
700 _aარობელიძე, ა.
_eრედაქტორი
_96852
700 _aაფანასიევი,ზ.
_eმხატვარი
_96853
942 _cBK
_2udc